000 00244 a2200109 4500
001 51149
040 _cAnchieta - Pituba
240 1 0 _aPlanet 1
_l
245 1 0 _aPlanet 1
650 4 _aLínguas germânicas (teutônicas) língua alemã
942 _cMX
999 _c51149
_d51149